=LDR 00000nam 2200000 4500 =001 INLIS000000000040729 =005 20130612150305 =008 ***********************************ind** =035 ##$$0010-061300000040729 =041 ##$$a ind =082 ##$$a 741.5 =090 ##$$a 741.5 , Pat ,m =100 ##$$a PATERSON,James =245 ##$$a Mayimum Midee , James Peterson =260 ##$$a 2009 $b Jakarta =300 ##$$a 183 hlm. , Illus , 21 cm =650 ##$$a KOMIK BACAAN =850 ##$$a NBPNMAT